000 01035cam a2200301 a 4500
001 12476266
003 OSt
005 20250319120924.0
008 010719s2001 enka b 001 0 eng
010 _a 2001270019
015 _aGBA1-Y2241
020 _a075064995X
035 _a(OCoLC)ocm46693355
040 _aUKM
_cUKM
_dDLC
042 _alccopycat
050 0 0 _aTS155
_b.O59 2001
082 0 0 _a658.5
_221
100 _aBlackmon, Kate
245 0 0 _aOperations management :
_bpolicy, practice and performance improvement /
_cKate Blackmon , Steve Brown ... [et al.]
260 _aOxford ;
_aBoston :
_bButterworth-Heinemann,
_c2001.
300 _a439 p. :
_bill. ;
_c25 cm.
504 _aIncludes bibliographical references and index.
650 0 _aProduction management.
_91720
700 1 _aBrown, Steve,
_d1957-
_94572
856 4 2 _3Publisher description
_uhttp://www.loc.gov/catdir/description/els031/2001270019.html
856 4 1 _3Table of contents
_uhttp://www.loc.gov/catdir/toc/els031/2001270019.html
942 _2ddc
_cBK
999 _c456
_d456